00688cam a22002411 4500001001300000003000400013005001700017008004100034010001700075020000800092025001900100035002000119040001800139042001200157050002100169100003800190245005900228250001700287260004600304300001900350500001400369500006300383sa 68000319 DLC20260227112422.0850325s1964 ii 000 1 tamx  asa 68000319  cRs3 aPL480:I-T-1561 a(OCoLC)34931264 aDLCcMnUdDLC apremarc00aPL4758.9.S53bK31 aṢerīp, Kavi Kā. Mu.,d1914-10aKan̲akāmbaram.c[El̲utiyavar] Kā. Mu. Ṣerīp. a[1. patippu] aCen̲n̲ai,bKuyilan̲ Patippakamc[1964] a159 p.c18 cm. aIn Tamil. aShort stories published previously in various periodicals.